000 00537nam a22001937a 4500
003 KOHA_MİRAKIL
005 20250414163354.0
008 250414b tu ||||| |||| 00| 0 tur d
020 _a9786057797698
040 _aTR-AnABB
_btur
_cTR-AnABB
041 _atur
082 _a813.42
_bZIL 2022
100 1 _aZileli, Irmak,
245 1 0 _aArkadaşım için /
_cIrmak Zileli
260 _aİstanbul :
_bGünışığı Kitaplığı,
_c2022
300 _a188 sayfa ;
_c20 cm
650 0 4 _aTürk edebiyatı, roman
942 _2ddc
_cBK
999 _c8680
_d8680
900 _bGizem YORULMAZ